| 000 | 00388nam a2200145Ia 4500 | ||
|---|---|---|---|
| 008 | 230917s9999||||xx |||||||||||||| ||und|| | ||
| 040 |
_e36017 _aMAIN |
||
| 041 | _aEnglish | ||
| 082 | _a658.3 M311P | ||
| 100 | _aMemoria, C B | ||
| 245 | 0 | _aPersonnel management: management of human resources | |
| 260 |
_aBombay _bHimalaya Publishing House _c1989 |
||
| 300 | _axii, 978 p. | ||
| 942 | _cBK | ||
| 999 |
_c63988 _d63988 |
||